Strength of materials. (Record no. 550043)

000 -LEADER
fixed length control field 00479cam a2200169u 4500
082 ## - DEWEY DECIMAL CLASSIFICATION NUMBER
Classification number 620.112
Author Mark MOR
100 1# - MAIN ENTRY--PERSONAL NAME
Personal name Morley, Arthur,
9 (RLIN) 39734
245 00 - TITLE STATEMENT
Title Strength of materials.
250 ## - EDITION STATEMENT
Edition statement 11th ed.
260 ## - PUBLICATION, DISTRIBUTION, ETC.
Place of publication, distribution, etc. London,
-- New York,
Name of publisher, distributor, etc. Longmans, Green
Date of publication, distribution, etc. [1954]
300 ## - PHYSICAL DESCRIPTION
Extent 532 p.
Other physical details illus.
Dimensions 23 cm.
526 ## - STUDY PROGRAM INFORMATION NOTE
Program name 0
Interest level 0
Reading level 0
Title point value 620_112000000000000_MOR
526 ## - STUDY PROGRAM INFORMATION NOTE
Program name 0
Interest level 0
Reading level 0
Title point value 620_112000000000000_MOR
650 #0 - SUBJECT ADDED ENTRY--TOPICAL TERM
Topical term or geographic name entry element MCE
9 (RLIN) 379
650 #0 - SUBJECT ADDED ENTRY--TOPICAL TERM
Topical term or geographic name entry element Strength of materials.
9 (RLIN) 563
942 ## - ADDED ENTRY ELEMENTS (KOHA)
Source of classification or shelving scheme
Koha item type Book
Holdings
Withdrawn status Lost status Source of classification or shelving scheme Damaged status Not for loan Permanent Location Current Location Date acquired Total Checkouts Full call number Barcode Date last seen Price effective from Koha item type
          Military College of Engineering (MCE) Military College of Engineering (MCE) 10/20/2014   620.112 MOR MCE-40552 10/20/2014 10/20/2014 Book
          Military College of Engineering (MCE) Military College of Engineering (MCE) 10/20/2014   620.112 MOR MCE-B-46 10/20/2014 10/20/2014 Book
© 2023 Central Library, National University of Sciences and Technology. All Rights Reserved.